Lana Del Rey Lyrics with No Hints (2) - Statistics

General Stats
  • This quiz has been taken 3,479 times
  • The average score is 122 of 207
Answer Stats
Answer % Correct
I
98%
a
95%
you
93%
You
93%
you?
93%
the
86%
love
85%
do?
79%
to
76%
To
76%
my
75%
your
73%
and
71%
can
71%
what
70%
is
69%
have
67%
like
67%
don't
66%
it
65%
on
64%
no
63%
so
62%
but
60%
in
60%
black
57%
Black
57%
blue
57%
of
57%
for
54%
beauty
53%
Life
52%
Oh
52%
oh (x2)
52%
oh (x4)
52%
oh (x5)
52%
clue
51%
dark
51%
beautiful
50%
too
50%
baby (x2)
49%
paint
49%
red
49%
hair
48%
make
48%
nails
48%
women
48%
dress
47%
if
47%
shade
47%
could
45%
cause
44%
said
44%
dye
43%
sky
43%
can't
42%
darker
42%
night
40%
sense
40%
way
40%
get
39%
time
39%
brown
38%
Spanish
37%
strong
36%
house
35%
lips
35%
ocean
35%
Nothing
34%
proud
34%
or
33%
Sun
33%
their
33%
let
32%
lost
32%
wedding
32%
you'd
32%
Darling
31%
everything
31%
leather
31%
soul
31%
mood
30%
room
30%
seem
30%
cherries
29%
light
29%
spring
29%
turn
29%
magnificence
28%
sparrow
28%
keep
27%
through
27%
suit
26%
today
26%
it'd
23%
world
7%
No matching quizzes found
Score Distribution
Percent of People with Each Score
Percentile by Number Answered
Your Score History
You have not taken this quiz